| 000 | 00374nam a2200121Ia 4500 | ||
|---|---|---|---|
| 008 | 180117s9999 xx 000 0 und d | ||
| 100 | _aby Ryan Torres | ||
| 245 | _aWhy Federalism Means Improved Healthcare | ||
| 260 | _c2017 | ||
| 300 | _a22-23 pages, 2017 January 15 | ||
| 440 | _aPhilippine Panorama | ||
| 650 | _aEVERYONE FLOCKS TO MANILA FOR HEALTHCARE, QUALITY SUFFERS | ||
| 999 |
_c353592 _d353592 |
||